Confesión general que hizo el Conde Aurheli al rey cristianisimo de Francia, traducida del Francés al Español, en versos

Detalles Bibliográficos
Formato: Libro
Publicado: s.l., s.XVII
Materias:
Colección:Banco de datos
Acervo:Biblioteca Palafoxiana. Colección de Manuscritos
Descripción Física:4 f. ; 21 x 31.5 cm.
Tema general:Elesiástica
LEADER 00433nam a22001330004500
035 |a 1245 
245 1 0 |a Confesión general que hizo el Conde Aurheli al rey cristianisimo de Francia, traducida del Francés al Español, en versos  
260 |a s.l., s.XVII 
300 |a 4 f. ; 21 x 31.5 cm. 
650 1 0 |a Elesiástica 
949 |a 32215/001 
942 |c PALAMANU 
943 |g Biblioteca Palafoxiana. Colección de Manuscritos 
999 |c 1069190  |d 1069190